ბათუმის შოთა რუსთაველის სახელმწიფო უნივერსიტეტის ბიბლიოთეკა

დემოკრატიის მომავალი = Il Euturo della democrazia / (ბიბ.ჩანაწერი № 38532)

000 -ლიდერი
ფიქსირებული სიგრძის საკონტროლო ველი 01164nam a2200253Ia 4500
001 - საკონტროლო ნომერი
საკონტროლო ველი 4633
003 - საკონტროლო ნომრის იდენტიფიკატორი
საკონტროლო ველი GE_BSU
005 - ბოლო ოპერაციის თარიღი და დრო
საკონტროლო ველი 20190510150348.0
008 - ფიქსირებული სიგრძის მონაცემთა ელემენტები - ზოგადი ინფორმაცია
ფიქსირებული სიგრძის საკონტროლო ველი 181216s2003||||ge |||||||||||||| ||geo||
020 ## - წიგნის საერთაშორისო სტანდარტული ნომერი
International Standard Book Number 9994023241
040 ## - კატალოგიზაციის წყარო
Transcribing agency GE_BSU
041 ## - ენის კოდი
Language code of text/sound track or separate title geo
080 ## - უნივერსალური ათობითი კლასიფიკაციის ინდექსი
Universal Decimal Classification number 316 ბ–78
100 ## - მთავარი ჩანაწერი - პიროვნების სახელი
Personal name ბობიო, ნორბერტო
9 (RLIN) 956
245 ## - ცნობა სათაურის შესახებ
Title დემოკრატიის მომავალი = Il Euturo della democrazia /
Statement of responsibility, etc ნორბერტო ბობიო ; მთარგმნ : ნ. კენჭაძე; სამეცნ. რედ : ზურაბ ჭიაბერაშვილი
264 ## - წარმოების, გამოცემის, დისტრიბუციის და სხვა ცნობები
გამოცემის, წარმოების, დისტრიბუციის... ადგილი თბილისი .:
გამოცემის, წარმოების, დისტრიბუციის... სახელწოდება ენა და კულტურა,
გამოცემის, წარმოების, დისტრიბუციის... თარიღი 2003.
300 ## - ფიზიკური აღწერა
Extent 255 გვ .;
Dimensions 20სმ.
653 ## - INDEX TERM--UNCONTROLLED
Uncontrolled term დემოკრატია
653 ## - INDEX TERM--UNCONTROLLED
Uncontrolled term დემოკრატიის მომავალი
653 ## - INDEX TERM--UNCONTROLLED
Uncontrolled term სოციოლოგია
700 ## - ADDED ENTRY--PERSONAL NAME
Personal name კენჭაძე, ნ
Relator term მთარგმნელი
9 (RLIN) 957
700 ## - ADDED ENTRY--PERSONAL NAME
Personal name ჭიაბერაშვილი, ზურაბ
Relator term სამეცნიერო რედაქტორი
9 (RLIN) 958
942 ## - ADDED ENTRY ELEMENTS (KOHA)
Koha item type წიგნი
Source of classification or shelving scheme
ეგზემპლარები
ჩამოწერის სტატუსი დაკარგული ეგზემპლარის სტატუსი კლასიფიკაციის წყარო ან თაროზე გაწყობის სქემა დაზიანების სტატუსი არ გაიცემა მუდმივი მდებარეობა (დაცვის ადგილი) ამჟამინდელი ადგილსამყოფელი თაროზე განთავსების ადგილი შეძენის თარიღი სრული შენახვის შიფრი შტრიხკოდი ბოლო ოპერაციის თარიღი ეგზემპლარის მიმდევრობითი ნომერი (კეტერი?) ფასის ძალაში შესვლის თარიღი ეგზემპლარის სახეობა
          ტექნოლოგიური ფაკულტეტის ბიბლიოთეკა ტექნოლოგიური ფაკულტეტის ბიბლიოთეკა წიგნსაცავი 2018-12-17 316 ბ–78 8340 2018-12-17 8340 2018-12-17 წიგნი